Loading...

Bhaaratheeya paithrukam

Bibliographic Details
Main Author: Balaram, N E; Author
Format: Printed Book
Published: Kozhikkode, Poorna Publications 2000
Edition:Ed.2
Subjects:
LEADER 006500000a22002290004500
020 |a 81-7180-421-7 
040 |a MAL 
082 |a 306.095 4 32N5;1 
100 |a Balaram, N E; Author 
245 |a Bhaaratheeya paithrukam 
250 |a Ed.2 
260 |a Kozhikkode, Poorna Publications 
260 |c 2000 
460 |a 185p 
465 |a Rs.70.00 
500 |a N E Balaram 
650 |a Civilization 
650 |a Culture 
650 |a History and criticism 
650 |a India 
999 |c 37647  |d 37647 
952 |0 0  |1 0  |4 0  |6 306_095000000000000_4_32N51  |7 0  |8 MAL  |9 38150  |a MGUL  |b MGUL  |d 2013-07-16  |e Rs.70.00  |l 0  |o 306.095 4 32N5;1  |p 36935  |r 2013-07-16  |w 2013-07-16  |y BK